<?xml version="1.0" encoding="UTF-8"?><?xml-stylesheet type="text/xsl" href="static/style.xsl"?><OAI-PMH xmlns="http://www.openarchives.org/OAI/2.0/" xmlns:xsi="http://www.w3.org/2001/XMLSchema-instance" xsi:schemaLocation="http://www.openarchives.org/OAI/2.0/ http://www.openarchives.org/OAI/2.0/OAI-PMH.xsd"><responseDate>2026-04-17T20:27:48Z</responseDate><request verb="GetRecord" identifier="oai:www.recercat.cat:2099.1/15753" metadataPrefix="marc">https://recercat.cat/oai/request</request><GetRecord><record><header><identifier>oai:recercat.cat:2099.1/15753</identifier><datestamp>2025-07-22T22:20:16Z</datestamp><setSpec>com_2072_1033</setSpec><setSpec>col_2072_452951</setSpec></header><metadata><record xmlns="http://www.loc.gov/MARC21/slim" xmlns:dcterms="http://purl.org/dc/terms/" xmlns:xsi="http://www.w3.org/2001/XMLSchema-instance" xmlns:doc="http://www.lyncode.com/xoai" xsi:schemaLocation="http://www.loc.gov/MARC21/slim http://www.loc.gov/standards/marcxml/schema/MARC21slim.xsd">
   <leader>00925njm 22002777a 4500</leader>
   <datafield ind2=" " ind1=" " tag="042">
      <subfield code="a">dc</subfield>
   </datafield>
   <datafield ind2=" " ind1=" " tag="720">
      <subfield code="a">Conill Jard, Daniel</subfield>
      <subfield code="e">author</subfield>
   </datafield>
   <datafield ind2=" " ind1=" " tag="260">
      <subfield code="c">2012-06-13</subfield>
   </datafield>
   <datafield ind2=" " ind1=" " tag="520">
      <subfield code="a">En el present projecte s’ha dut a terme el disseny, càlcul estructural i fabricació del conjunt de peces que formen l’ala d’una avioneta d’us privat comercialitzada durant els anys 80 “ Cessna 150”. Amb aquest projecte s’ha proposat dissenyar i fabricar unes ales amb unes característiques diferents a las ales que munta actualment la Cessna 150 i comercialitzar-les, per oferir al client la possibilitat de substituir las ales que munta actualment per unes de noves i millorades. Com s’ha citat anteriorment, es tracte d’una avioneta fabricada als anys 80, per tant degut a la seva antiguitat, han de passar revisions periòdiques de las ales, i inclús s’han de substituir components. Per aquest fet, s’ha decidit dissenyar i fabricar unes ales, de baix cost, perquè al client no li suposi una gran inversió.</subfield>
   </datafield>
   <datafield tag="653" ind2=" " ind1=" ">
      <subfield code="a">Àrees temàtiques de la UPC::Enginyeria mecànica</subfield>
   </datafield>
   <datafield tag="653" ind2=" " ind1=" ">
      <subfield code="a">Airplanes</subfield>
   </datafield>
   <datafield tag="653" ind2=" " ind1=" ">
      <subfield code="a">Avions</subfield>
   </datafield>
   <datafield ind2="0" ind1="0" tag="245">
      <subfield code="a">Disseny i fabricació d'un conjunt de peces per aeronàutica</subfield>
   </datafield>
</record></metadata></record></GetRecord></OAI-PMH>